<?xml version="1.0" encoding="UTF-8"?>
<record
    xmlns:xsi="http://www.w3.org/2001/XMLSchema-instance"
    xsi:schemaLocation="http://www.loc.gov/MARC21/slim http://www.loc.gov/standards/marcxml/schema/MARC21slim.xsd"
    xmlns="http://www.loc.gov/MARC21/slim">

  <leader>01246cam a2200373   4500</leader>
  <controlfield tag="001">3140786</controlfield>
  <controlfield tag="003">OSt</controlfield>
  <controlfield tag="005">20140310182446.0</controlfield>
  <controlfield tag="008">730222r19731903nyua          000 1 eng  </controlfield>
  <datafield tag="010" ind1=" " ind2=" ">
    <subfield code="a">   73003126 </subfield>
  </datafield>
  <datafield tag="020" ind1=" " ind2=" ">
    <subfield code="a">0486292568</subfield>
    <subfield code="c">09195854748</subfield>
  </datafield>
  <datafield tag="040" ind1=" " ind2=" ">
    <subfield code="a">DLC</subfield>
    <subfield code="c">DLC</subfield>
    <subfield code="d">DLC</subfield>
  </datafield>
  <datafield tag="050" ind1=" " ind2=" ">
    <subfield code="a">PR 4165</subfield>
    <subfield code="b">.B869 2004</subfield>
  </datafield>
  <datafield tag="100" ind1="1" ind2=" ">
    <subfield code="a">Bront&#xEB;, Emily,</subfield>
    <subfield code="9">3131</subfield>
  </datafield>
  <datafield tag="245" ind1="1" ind2="0">
    <subfield code="a">Wuthering heights /</subfield>
    <subfield code="c">Emily Bronte</subfield>
  </datafield>
  <datafield tag="260" ind1=" " ind2=" ">
    <subfield code="a">Mineola, New York : </subfield>
    <subfield code="b">Dover Publications, Inc, </subfield>
    <subfield code="c">c1996.  </subfield>
  </datafield>
  <datafield tag="300" ind1=" " ind2=" ">
    <subfield code="a">121 p. :</subfield>
    <subfield code="c">21 cm.</subfield>
  </datafield>
  <datafield tag="650" ind1=" " ind2="0">
    <subfield code="a">Triangles (Interpersonal relations)</subfield>
    <subfield code="v">Fiction.</subfield>
    <subfield code="9">3159</subfield>
  </datafield>
  <datafield tag="650" ind1=" " ind2="0">
    <subfield code="a">Rejection (Psychology)</subfield>
    <subfield code="v">Fiction.</subfield>
    <subfield code="9">3160</subfield>
  </datafield>
  <datafield tag="650" ind1=" " ind2="0">
    <subfield code="a">Rural families</subfield>
    <subfield code="v">Fiction.</subfield>
    <subfield code="9">3161</subfield>
  </datafield>
  <datafield tag="650" ind1=" " ind2="0">
    <subfield code="a">Foundlings</subfield>
    <subfield code="v">Fiction.</subfield>
    <subfield code="9">3162</subfield>
  </datafield>
  <datafield tag="651" ind1=" " ind2="0">
    <subfield code="a">Yorkshire (England)</subfield>
    <subfield code="v">Fiction.</subfield>
    <subfield code="9">3163</subfield>
  </datafield>
  <datafield tag="655" ind1=" " ind2="7">
    <subfield code="a">Psychological fiction.</subfield>
    <subfield code="2">lcsh</subfield>
    <subfield code="9">2883</subfield>
  </datafield>
  <datafield tag="655" ind1=" " ind2="7">
    <subfield code="a">Domestic fiction.</subfield>
    <subfield code="2">lcsh</subfield>
    <subfield code="9">2796</subfield>
  </datafield>
  <datafield tag="655" ind1=" " ind2="7">
    <subfield code="a">Love stories.</subfield>
    <subfield code="2">gsafd</subfield>
    <subfield code="9">2799</subfield>
  </datafield>
  <datafield tag="700" ind1="1" ind2="2">
    <subfield code="a">Bront&#xEB;, Anne,</subfield>
    <subfield code="d">1820-1849.</subfield>
    <subfield code="t">Agnes Grey. 1973.</subfield>
    <subfield code="9">3164</subfield>
  </datafield>
  <datafield tag="800" ind1="1" ind2=" ">
    <subfield code="a">Bront&#xEB;, Charlotte,</subfield>
    <subfield code="d">1816-1855.</subfield>
    <subfield code="t">Life and works of the sisters Bronte,</subfield>
    <subfield code="v">v. 5.</subfield>
    <subfield code="9">3165</subfield>
  </datafield>
  <datafield tag="906" ind1=" " ind2=" ">
    <subfield code="a">7</subfield>
    <subfield code="b">cbc</subfield>
    <subfield code="c">orignew</subfield>
    <subfield code="d">1</subfield>
    <subfield code="e">ocip</subfield>
    <subfield code="f">19</subfield>
    <subfield code="g">y-gencatlg</subfield>
  </datafield>
  <datafield tag="942" ind1=" " ind2=" ">
    <subfield code="2">lcc</subfield>
    <subfield code="c">SSLC</subfield>
  </datafield>
  <datafield tag="999" ind1=" " ind2=" ">
    <subfield code="c">13602</subfield>
    <subfield code="d">13602</subfield>
  </datafield>
  <datafield tag="952" ind1=" " ind2=" ">
    <subfield code="0">0</subfield>
    <subfield code="1">0</subfield>
    <subfield code="2">lcc</subfield>
    <subfield code="4">0</subfield>
    <subfield code="a">SSLC</subfield>
    <subfield code="b">SSLC</subfield>
    <subfield code="c">SSLC</subfield>
    <subfield code="d">2013-08-05</subfield>
    <subfield code="l">2</subfield>
    <subfield code="m">2</subfield>
    <subfield code="o">PR 4165 .B869 2004</subfield>
    <subfield code="p">SSLC0887</subfield>
    <subfield code="r">2018-05-15 00:00:00</subfield>
    <subfield code="s">2014-09-25</subfield>
    <subfield code="t">1</subfield>
    <subfield code="w">2013-08-05</subfield>
    <subfield code="y">BK</subfield>
  </datafield>
</record>
